Normal view
MARC view
- تحقيق محمد جاسم حمادي المشهداني
Entry Personal Name
001 - CONTROL NUMBER
- control field: 36417
003 - CONTROL NUMBER IDENTIFIER
- control field: JO-AjAnu
005 - DATE AND TIME OF LATEST TRANSACTION
- control field: 20230606080100.0
008 - FIXED-LENGTH DATA ELEMENTS
- fixed length control field: 230606|| aca||aabn | a|a d
040 ## - CATALOGING SOURCE
- Original cataloging agency: JO-AjAnu
- Transcribing agency: JO-AjAnu
100 ## - HEADING--PERSONAL NAME
- Personal name: تحقيق محمد جاسم حمادي المشهداني
670 ## - SOURCE DATA FOUND
- Source citation: Work cat.: (JO-AjAnu)18697: تحقيق محمد جاسم حمادي المشهداني, author, حرب بني شيبان مع كسرى انو شروان : رواية بشر بن مروان الاسدي